000 00743nam a22002297a 4500
003 UA-OsUOA
001 23682
007 ta
008 20040127b un ||||| |||| 00| 0 ukr d
090 _a316.6
_bП78
942 _cBK
040 _aUA-OsUOA
_brus
_cUA-OsUOA
_dUA-OsUOA
245 _aПроблеми соціального захисту молоді в умовах зміни соціально-економічних відносин
_cРед. В.В.Барабаш
300 _a242 с.
955 _a0
041 _arus
080 _a316.6
260 _aКиїв
_bУкраїнський Науково - Дослідний Інститут Проблем Молоді
_c1993
044 _aRU
650 7 _2UDC
999 _c309937
_d309937